| 000 | 00475nam a22001697a 4500 | ||
|---|---|---|---|
| 003 | MACL | ||
| 005 | 20160115155516.0 | ||
| 008 | 160115b xxu||||| |||| 00| 0 eng d | ||
| 040 | _cMACL | ||
| 041 | _aEnglish | ||
| 082 | _a150/CHA | ||
| 100 |
_aChattopadhyaya,D.P. _932658 |
||
| 245 | _aHistory of Science Philosophy and Culture in Indian Civilization | ||
| 260 |
_aNew Delhi _bCentre For Studies ind Civilizations _c2011 |
||
| 650 |
_aPhilosophy _932659 |
||
| 942 |
_2ddc _cBK |
||
| 999 |
_c52488 _d52488 |
||